[Event "MGL-ch (Women) 50th"]
[Site "Tsetserleg"]
[Date "2018.05.24"]
[Round "8"]
[White "Munguntuul, Batkhuyag"]
[Black "Khaliunaa, Gankhulug"]
[Result "1-0"]
[WhiteElo "2410"]
[BlackElo "1401"]
[PlyCount "119"]
[EventDate "2018.05.19"]
[EventType "tourn"]
[EventRounds "11"]
[EventCountry "MGL"]
[SourceTitle "EXT 2019"]
[Source "ChessBase"]
[SourceDate "2018.10.10"]
[SourceVersion "1"]
[SourceVersionDate "2018.10.10"]
[SourceQuality "1"]

1. e4 e5 2. Nf3 Nc6 3. Nc3 Nf6 4. a3 d5 5. Bb5 Nxe4 6. Nxe5 Qf6 7. Nf3 Be6 8. d4 Nxc3 9. bxc3 Bd6 10. 0-0 0-0 11. Rb1 h6 12. h3 Ne7 13. Nh2 b6 14. Ng4 Qg6 15. Bd3 Bf5 16. Re1 f6 17. Ne3 Be4 18. c4 f5 19. cxd5 f4 20. Bxe4 Qxe4 21. Nc4 Qxd5 22. Ne5 Bxe5 23. Rxe5 Qd6 24. Qg4 Rae8 25. Bxf4 Qxd4 26. Rb4 Qa1+ 27. Kh2 Kh7 28. Rbe4 Rxf4 29. Qd7 Rxe4 30. Rxe4 Rf8 31. Rxe7 Qc3 32. f3 a5 33. Qxc7 Qxc7+ 34. Rxc7 Rf6 35. Kg3 Re6 36. a4 h5 37. c4 Kg6 38. c5 bxc5 39. Rxc5 Re2 40. h4 Ra2 41. Rxa5 Kh6 42. Ra8 g6 43. a5 Kg7 44. a6 Kh7 45. Kh3 Ra3 46. Kh2 Ra2 47. Kg3 Kg7 48. Ra7+ Kf6 49. Kh2 Ke5 50. Ra8 Kf6 51. Kh3 Ra4 52. g3 Ra3 53. Kg2 Kg7 54. Kf2 Kh7 55. Ra7+ Kg8 56. Ke2 Kf8 57. Kd2 Rxf3 58. Rb7 Rxg3 59. a7 Ra3 60. Rb8+ 1-0

[Event "MGL-ch (Women) 50th"]
[Site "Tsetserleg"]
[Date "2018.05.22"]
[Round "5"]
[White "Khaliunaa, Gankhulug"]
[Black "Nomindalai, Tumurbaatar"]
[Result "1-0"]
[WhiteElo "1401"]
[BlackElo "1875"]
[PlyCount "63"]
[EventDate "2018.05.19"]
[EventType "tourn"]
[EventRounds "11"]
[EventCountry "MGL"]
[SourceTitle "EXT 2019"]
[Source "ChessBase"]
[SourceDate "2018.10.10"]
[SourceVersion "1"]
[SourceVersionDate "2018.10.10"]
[SourceQuality "1"]

1. d4 d5 2. c4 Nc6 3. Nf3 e5 4. dxe5 d4 5. a3 Bg4 6. Nbd2 Qd7 7. b4 Nge7 8. Bb2 Ng6 9. h3 Bxf3 10. Nxf3 0-0-0 11. Qb3 Ngxe5 12. 0-0-0 Qe6 13. Nxe5 Qxe5 14. e3 Qg5 15. h4 Qh6 16. Be2 dxe3 17. Rxd8+ Nxd8 18. Qxe3 Qxe3+ 19. fxe3 Kd7 20. Bf3 Rg8 21. Rd1+ Ke8 22. Be5 c6 23. Bb8 a6 24. c5 g6 25. Kc2 Ne6 26. g4 f6 27. Be2 Bh6 28. Bc4 Ke7 29. Bd6+ Kf7 30. Bf4 Bxf4 31. exf4 Ke7 32. Re1 1-0